000 00353 a2200157 4500
001 75515
020 _a9788580446739
040 _cAnchieta - Colégio São Paulo
100 _aPirrilo,Marília
240 1 0 _aPassarim de Barros
_lpor
245 1 0 _aPassarim de Barros
300 _a32
362 0 _a2013
650 4 _aLiteratura infantil
942 _cBK
999 _c75515
_d75515